000 00833nam a22002777a 4500
003 CHAP
005 20220817042908.0
008 971013s r 00010 d
010 _a59224
011 _a60196
035 _a64356
040 _cCHAP
082 _a636.5
_bP76
110 _aPrograma Nacional de Paquetes Familiares. México
_992343
245 _aManual práctico del promotor de paquetes familiares
_b: producir está en tus manos
260 _a(s.l.) :
_bEl Programa,
_c(s.a.)
300 _a70 p.
590 _aBATCH-UPD
_b10
_c20130110
_lUCH01
_h2029
590 _aCONVERSION
_b10
_c20130109
_lUCH01
_h1332
650 1 4 _aApicultura.
_96241
650 1 4 _aAvicultura.
650 1 4 _aCunicultura.
_930449
901 _aBK
942 _cLIBRO
949 _a636.5 P76
_bBC
_cLIBRO
_d33724000102745
_eLIBRO
_h60859
_i64356
_si
999 _c59224
_d59224